LEADER 00843nam0-22002651i-450- 001 990006140550403321 005 19980601 035 $a000614055 035 $aFED01000614055 035 $a(Aleph)000614055FED01 035 $a000614055 100 $a19980601f????----km-y0itay50------ba 105 $a--------00-yy 200 1 $aATTI della Commissione Ministeriale per lo studio e la compilazione di un progetto di legge sulla estradizione... 210 $aS.l.$cs.e.$ds.d. 215 $a558 p.$d28 cm 676 $a345.052 801 0$aIT$bUNINA$gRICA$2UNIMARC 901 $aBK 912 $a990006140550403321 952 $aLEG.FIORE XIII 13$b10124$fFGBC 959 $aFGBC 996 $aATTI della Commissione Ministeriale per lo studio e la compilazione di un progetto di legge sulla estradizione..$9642758 997 $aUNINA DB $aGIU01 LEADER 01247nam0-2200361---450- 001 990008547580403321 005 20080612163037.0 035 $a000854758 035 $aFED01000854758 035 $a(Aleph)000854758FED01 035 $a000854758 100 $a20050620d1955----km-y0itay50------ba 101 2 $afre$agrc 102 $aFR 105 $ay--------00yy 200 1 $a<>vie de Moïse, ou traité de la perfection en matière de vertu$fGrégoire de Nysse$gintroduction, texte critique et traduction de Jean Daniélou 205 $a2. ed. revue et corrigée 210 $aParis$cLes éditions du cerf$d1955 215 $aXXXV, 154 p. (1-135 doppie)$d20 cm 225 1 $aSources chrétiennes$v1 bis 312 $atit. alternativo 500 10$aDe vita moysis$m$921255 517 1 $aTraité de la perfection en matière de vertu 676 $a241.4$v21$zita 700 0$aGregorius Nyssenus,$csanto$f$0181219 702 1$aDaniélou,$bJean$f<1905-1974> 801 0$aIT$bUNINA$gRICA$2UNIMARC 901 $aBK 912 $a990008547580403321 952 $aP2B-590-S.C.-GREG.NYSS.-434A-1955$bBibl.31105$fFLFBC 959 $aFLFBC 996 $aDe vita Moysis$921255 997 $aUNINA LEADER 01227nam0-2200361---450- 001 990008490510403321 005 20070503103821.0 010 $a90-6605-599-5 035 $a000849051 035 $aFED01000849051 035 $a(Aleph)000849051FED01 035 $a000849051 100 $a20070322d2006----km-y0itay50------ba 101 0 $aeng 102 $aNL 105 $a--------001yy 200 1 $aProceedings of the 13. international symposium on apricot breedir culture$eMurcia, 13-17 June 2005$feditors F. Romojaro, F. Dicenta, P. Martinez-Gomez 210 $aLeuven$cInternational Society for Horticultural Science$d2006 215 $a383 p.$cill.$d24 cm 225 1 $aActa horticulturae$v717 610 0 $aPrunus armeniaca 676 $a634.21$v20$zita 702 1$aRomojaro,$bF. 702 1$aDicenta,$bP. 702 1$aMartinez-Gomez,$bP. 710 12$aInternational symposium on apricot breeding and culture$d<13. ;$f2005 ;$eMurcia>$0300177 801 0$aIT$bUNINA$gRICA$2UNIMARC 901 $aBK 912 $a990008490510403321 952 $a60 634.21 B 10$b10717$fFAGBC 959 $aFAGBC 996 $aProceedings of the 13. international symposium on apricot breedir culture$9730986 997 $aUNINA